Presentación del informe "Los doscientos días de la política económica del Gobierno" (Record no. 4551)

MARC details
000 -LEADER
campo de control de longitud fija 01512njm a2200325 i 4500
001 - NÚMERO DE CONTROL
campo de control 4551
003 - IDENTIFICADOR DE NÚMERO DE CONTROL
campo de control ES-MaACL
005 - FECHA Y HORA DE LA ÚLTIMA TRANSACCIÓN
campo de control 20240619063040.0
007 - CAMPO FIJO DE DESCRIPCIÓN FÍSICA--INFORMACIÓN GENERAL
campo de control de longitud fija s|r|||||||||||
008 - DATOS DE LONGITUD FIJA--INFORMACIÓN GENERAL
campo de control de longitud fija 041203s1981 sp ||| g ||||||||1|nspa d
245 00 - MENCIÓN DEL TÍTULO
Título Presentación del informe "Los doscientos días de la política económica del Gobierno"
Medio [Grabación sonora] /
Mención de responsabilidad, etc. intervienen Julio Pascual, Rafael Alberto Pérez, Fernando de la Puente, Juan María Hernánez Puértolas, Jesús Martínez Vázquez, Juan Molina, Luis Serrano.
260 ## - PUBLICACIÓN, DISTRIBUCIÓN, ETC.
Lugar de publicación, distribución, etc. Madrid :
Nombre del editor, distribuidor, etc. Ateneo de Madrid,
Fecha de publicación, distribución, etc. 1981.
300 ## - DESCRIPCIÓN FÍSICA
Extensión 2 discos (CD-DA) (2 h. 6 min. 38 seg.) ;
Dimensiones 12 cm.
500 ## - NOTA GENERAL
Nota general Datos basados en invitación.
518 ## - NOTA DE FECHA/HORA Y LUGAR DE UN ACONTECIMIENTO
Nota de fecha/hora y lugar de un acontecimiento Acto organizado por la Sección de Economía del Ateneo, grabado en el salón de actos el 14 de octbre de 1981, a las 20:00 h.
610 24 - PUNTO DE ACCESO ADICIONAL DE MATERIA--NOMBRE DE ENTIDAD CORPORATIVA
Nombre de entidad corporativa o nombre de jurisdicción como elemento de entrada Ateneo de Madrid-
Subdivisión general Actos culturales-
Subdivisión cronológica 1981-
Subdivisión de forma Grabaciones sonoras.
9 (RLIN) 1893
651 #4 - PUNTO DE ACCESO ADICIONAL DE MATERIA--NOMBRE GEOGRÁFICO
Nombre geográfico España-
Subdivisión general Política económica-
Subdivisión cronológica 1975-
9 (RLIN) 8409
700 1# - ENTRADA AGREGADA--NOMBRE PERSONAL
Nombre de persona Pascual Vicente, Julio.
9 (RLIN) 89402
700 1# - ENTRADA AGREGADA--NOMBRE PERSONAL
Nombre de persona Pérez González, Rafael Alberto.
9 (RLIN) 90916
700 1# - ENTRADA AGREGADA--NOMBRE PERSONAL
Nombre de persona Puente, Fernando de la.
9 (RLIN) 94141
700 1# - ENTRADA AGREGADA--NOMBRE PERSONAL
Nombre de persona Hernández Puértolas, Juan María.
9 (RLIN) 63029
700 1# - ENTRADA AGREGADA--NOMBRE PERSONAL
Nombre de persona Martínez Vázquez, Jesús.
9 (RLIN) 78470
700 1# - ENTRADA AGREGADA--NOMBRE PERSONAL
Nombre de persona Molina, Juan.
9 (RLIN) 81893
700 1# - ENTRADA AGREGADA--NOMBRE PERSONAL
Nombre de persona Serrano, Luis.
9 (RLIN) 105705
710 2# - ENTRADA AGREGADA--NOMBRE DE ENTIDAD CORPORATIVA
Nombre de entidad corporativa o nombre de jurisdicción como elemento de entrada Ateneo de Madrid.
Unidad subordinada Sección de Economía.
9 (RLIN) 1990
852 ## - LOCALIZACIÓN
Ubicación ES-MaACL
Número de control de estantería ROT 4/6/26
itemnumber 4668
Ubicación en estantería Rotativo
852 ## - LOCALIZACIÓN
Ubicación ES-MaACL
Número de control de estantería ROT 4/6/27
itemnumber 203582
Ubicación en estantería Rotativo
942 ## - ELEMENTOS DE ENTRADA SECUNDARIOS (KOHA)
Fuente del sistema de clasificación o colocación Clasificación decimal universal
Holdings
Estatus retirado Estado de pérdida Fuente del sistema de clasificación o colocación Estado de daño No para préstamo Colección Biblioteca de origen Biblioteca actual Ubicación en estantería Fecha de adquisición Total de préstamos Signatura topográfica completa Código de barras Visto por última vez Precio de reemplazo Tipo de ítem Koha
    Clasificación decimal universal     Archivo de la palabra Biblioteca del Ateneo de Madrid Biblioteca del Ateneo de Madrid Rotativo 17/01/2008   ROT 4/6/26 1004614 23/02/2023 23/02/2023 Archivo de ordenador en CD-ROM, CD o disquete
    Clasificación decimal universal     Archivo de la palabra Biblioteca del Ateneo de Madrid Biblioteca del Ateneo de Madrid Rotativo 17/01/2008   ROT 4/6/27   17/06/2024 23/02/2023 Archivo de ordenador en CD-ROM, CD o disquete